000 01163cad a22002535a 4500
001 L152993
008 110520e20110520xxkd f s 000 0 eng d
035 _a(Sirsi) u152993
041 0 _aeng
050 0 4 _a333.33 $2 18
110 2 _aRoyal Institution of Chartered Surveyors
_bEconomics
_95033
245 0 0 _aRICS global real estate weekly
_b20 May 2011
_h[electronic resource]
260 _aLondon
_bRICS
_c2011
490 0 _aRICS Global Real Estate Weekly
_v20 May 2011
520 _aCommercial real estate market in Hong Kong remains strong. US housing market moving sideways. Property sector stronger in faster growing European economies. UK property lending remains subdued as construction workloads edge up.
590 _aKA
650 2 4 _aRICS GLOBAL REAL ESTATE WEEKLY
651 4 _aInternational
690 _aPROPERTY-PROPERTY FINANCE AND INVESTMENT
690 _aPROPERTY-RESIDENTIAL PROPERTY-RESIDENTIAL PROPERTY MARKET
690 _aPROPERTY-COMMERCIAL PROPERTY-COMMERCIAL PROPERTY MARKET
856 4 0 _uhttps://www.rics.org/site/download_feed.aspx?fileID=9607&fileExtension=PDF
_zView the report free of charge at www.rics.org
942 _n0
999 _c112311
_d112311